| 000 | 00681cam a22002291 4500 | ||
|---|---|---|---|
| 001 | ca 36000992 | ||
| 003 | DLC | ||
| 005 | 20260227111142.0 | ||
| 008 | 881114s1934 ohu 000 0 eng | ||
| 010 | _aca 36000992 | ||
| 035 | _a(OCoLC)18757565 | ||
| 040 |
_aDLC _cRPB _dDLC |
||
| 042 | _apremarc | ||
| 050 | 0 | 0 |
_aPN6120.C5 _bA36 |
| 082 | _a812.5 | ||
| 100 | 1 | _aAdair, William. | |
| 245 | 1 | 4 |
_aThe royal rumpus, _ba Christmas play with incidental songs, _cby William Adair ... |
| 260 |
_aFranklin, O., _aDenver, Colo., _bEldridge Entertainment House, Incorporated, _cc1934. |
||
| 300 |
_a24 p. _c19 cm. |
||
| 490 | 0 | _aEldridge Christmas material | |
| 650 | 0 | _aChristmas plays. | |
| 999 |
_c18167 _d18167 |
||